000 00845nab a2200253 u 4500
001 08804
003 HDC
007 cr bn ---aaaaa
008 210131c20151222my dr|nes 0 a may d
040 _aHDC
100 _aSuffian A Bakar,
_eauthor
_97744
245 0 _a30 lagi usahawan PKS masuki pasaran Jepun /
_cby Suffian A Bakar
260 _aKuala Lumpur :
_bNew Straits Times Press (M) Bhd.,
_c2015
336 _atext
_2rdacontent
337 _acomputer
_2rdamedia
338 _aonline resource
_2rdacarrier
650 _aBusiness
_x
_99247
650 _aSmall business
_9208
710 _aBerita Harian
856 _zRequest full-text at [email protected]
942 _2lcc
942 _cNEWS
942 _kNWSC 000831
999 _c6127
_d6127